000 00297nam a2200121Ia 4500
008 240731s9999 xx 000 0 und d
022 _a1479-5787
245 0 _aCommunication Monographs
260 _bRoutledge
856 _uhttps://www.tandfonline.com/loi/rcmm20
942 _2ddc
942 _cTFEJ
999 _c75979
_d75979
945 _a1
_bMadushi Gamage
_c1
_dMadushi Gamage